[Event "Mittelfrank Regionalliga Sud-West 2223"]
[Site "Mittelfranken"]
[Date "2023.04.23"]
[Round "9.6"]
[White "Zwick, Werner"]
[Black "Katzer, Joachim"]
[Result "1/2-1/2"]
[WhiteElo "1874"]
[BlackElo "1885"]
[PlyCount "40"]
[EventDate "2022.10.09"]
[EventType "team-tourn"]
[EventRounds "9"]
[EventCountry "GER"]
[SourceTitle "EXT 2024"]
[Source "ChessBase"]
[SourceDate "2023.10.10"]
[SourceVersion "1"]
[SourceVersionDate "2023.10.10"]
[SourceQuality "1"]
[WhiteTeam "Haunstetten II"]
[BlackTeam "Sendling"]
[WhiteTeamCountry "GER"]
[BlackTeamCountry "GER"]

1. e4 e5 2. Nf3 Nf6 3. Nc3 Nc6 4. Bb5 d6 5. d4 exd4 6. Nxd4 Bd7 7. Nxc6 bxc6 8. Ba4 Be7 9. 0-0 0-0 10. Re1 c5 11. Bxd7 Nxd7 12. Nd5 Re8 13. Nxe7+ Rxe7 14. Bd2 Re6 15. g3 Qe7 16. f3 Re8 17. Bc3 h5 18. Kf2 Ne5 19. Kg2 Ng6 20. h4 Ne5 1/2-1/2

[Event "Mittelfrank Regionalliga Sud-West 2223"]
[Site "Mittelfranken"]
[Date "2023.03.05"]
[Round "7.5"]
[White "Brunold, Guenter"]
[Black "Zwick, Werner"]
[Result "1-0"]
[WhiteElo "1932"]
[BlackElo "1874"]
[PlyCount "67"]
[EventDate "2022.10.09"]
[EventType "team-tourn"]
[EventRounds "9"]
[EventCountry "GER"]
[SourceTitle "EXT 2024"]
[Source "ChessBase"]
[SourceDate "2023.10.10"]
[SourceVersion "1"]
[SourceVersionDate "2023.10.10"]
[SourceQuality "1"]
[WhiteTeam "Kempten"]
[BlackTeam "Haunstetten II"]
[WhiteTeamCountry "GER"]
[BlackTeamCountry "GER"]

1. d4 e6 2. e4 d5 3. Nc3 dxe4 4. f3 exf3 5. Nxf3 Nf6 6. Bg5 Be7 7. Bd3 Nc6 8. a3 Nd5 9. Bd2 Nxc3 10. bxc3 Bf6 11. 0-0 0-0 12. Qe1 Ne7 13. Ne5 Ng6 14. Rf3 c5 15. Ng4 Bg5 16. Ne5 Bxd2 17. Qxd2 Nxe5 18. dxe5 c4 19. Rg3 f5 20. Qh6 Qc7 21. Bxc4 Qxe5 22. Qg5 Qf6 23. Qf4 Bd7 24. Re3 Rae8 25. Rae1 Re7 26. Qd6 Rfe8 27. Re5 g6 28. Rb1 Bc6 29. Rbe1 Be4 30. Bd3 Bd5 31. Rxd5 exd5 32. Qxf6 Rxe1+ 33. Kf2 R1e6 34. Qd4 1-0

[Event "Regionalliga SW 0405"]
[Site "Bayern"]
[Date "2004.11.28"]
[Round "3.8"]
[White "Auterhoff, Juergen"]
[Black "Zwick, Werner"]
[Result "1/2-1/2"]
[WhiteElo "1693"]
[BlackElo "1944"]
[PlyCount "57"]
[EventDate "2004.10.24"]
[EventType "team-tourn"]
[EventRounds "9"]
[EventCountry "GER"]
[SourceTitle "EXT 2007"]
[Source "ChessBase"]
[SourceDate "2006.11.23"]
[SourceVersion "1"]
[SourceVersionDate "2006.11.23"]
[SourceQuality "1"]
[WhiteTeam "Pasing II"]
[BlackTeam "Haunstetten"]
[WhiteTeamCountry "GER"]
[BlackTeamCountry "GER"]

1. e4 e6 2. d4 d5 3. Nd2 Nf6 4. e5 Nfd7 5. Bd3 c5 6. c3 Nc6 7. Ne2 cxd4 8. cxd4 Qb6 9. Nf3 Bb4+ 10. Bd2 Bxd2+ 11. Qxd2 Qb4 12. a3 Qxd2+ 13. Nxd2 b6 14. Rc1 Bb7 15. 0-0 Rc8 16. Rc2 Ke7 17. Rfc1 Na5 18. b4 Rxc2 19. Rxc2 Nc6 20. f4 g6 21. Nf3 Rc8 22. Nc3 a6 23. b5 Ncb8 24. bxa6 Nxa6 25. Nb5 Rxc2 26. Bxc2 Bc6 27. Bd3 h6 28. Nd6 Nc7 29. Nd2 1/2-1/2

[Event "Landesliga Sued 0304"]
[Site "Bayern"]
[Date "2003.11.02"]
[Round "2.8"]
[White "Zwick, Werner"]
[Black "Klenk, Robert"]
[Result "1/2-1/2"]
[WhiteElo "1942"]
[BlackElo "2087"]
[PlyCount "36"]
[EventDate "2003.10.12"]
[EventType "team-tourn"]
[EventRounds "9"]
[EventCountry "GER"]
[SourceTitle "EXT 2006"]
[Source "ChessBase"]
[SourceDate "2005.11.24"]
[SourceVersion "1"]
[SourceVersionDate "2005.11.24"]
[SourceQuality "1"]
[WhiteTeam "Haunstetten"]
[BlackTeam "Bayern Muenchen II"]
[WhiteTeamCountry "GER"]
[BlackTeamCountry "GER"]

1. e4 e6 2. d4 d5 3. exd5 exd5 4. Nf3 Nf6 5. Be2 Bf5 6. 0-0 Bd6 7. Bg5 h6 8. Bh4 0-0 9. Bd3 Bxd3 10. Qxd3 c6 11. Nbd2 Nbd7 12. Rfe1 Qc7 13. Bg3 Rfe8 14. Bxd6 Qxd6 15. c3 g6 16. g3 Kg7 17. Kg2 Rad8 18. h3 Nh7 1/2-1/2